• 首页
  • 本馆介绍
  • 公告通知
  • 最新文献
  • 馆藏检索
  • 电子资源
  • 读者导购
  • 参考咨询
  • 我的图书馆
  • 登录
  • 详细信息显示
  • 放入我的书架
  • 预约/预借图书
  • 作者相关作品
  • 分类相关作品
  • 丛书相关作品
  • 出版社相关作品

书目信息

  • 表格格式
  • 工作单格式
  • 卡片格式
题名:
荀子译注
    
 
作者: 高长山 译注
分册:  
出版信息: 哈尔滨   黑龙江人民出版社  2003
页数: 603页
开本: 22cm
丛书名: 二十二子详注全译
单 册:
中图分类: B222.64
科图分类:
主题词: 儒家
电子资源:
ISBN: 7-207-04394-5
000 00867oam2 2200289 450
001 05002241383
005 20051229153136.90
010    @a7-207-04394-5@dCNY509.10(全套)
092    @aCN
100    @a20050627e20042003ekmy0chiy0120 ea
101 0  @achi
102    @aCN@b230000
105    @ay z 000yy
200 1  @a荀子译注@9xun zi yi zhu@f高长山译注@Fgao chang shan yi zhu
210    @a哈尔滨@c黑龙江人民出版社@d2003@h2004重印
215    @a603页@d22cm
225 2  @a二十二子详注全译@f韩格平,董莲池主编
330    @a荀子是儒家重要代表人物,本书分劝学篇、修身篇、不苟篇、荣辱篇等部分,阐述了荀子的主要思想。
461  0 @12001 @a二十二子详注全译
605    @a荀子@x译文
605    @a荀子
606 0  @a儒家
690    @aB222.64@v4
701  0 @a高长山@9gao chang shan@4译注
801  0 @aCN@bNLC@c20051229
905    @a10447@dB222.64@e241
999    @aHSJ
    
    荀子译注/高长山译注.-哈尔滨:黑龙江人民出版社,2003(2004重印)
    603页;22cm.-(二十二子详注全译/韩格平,董莲池主编)
    
    
    ISBN 7-207-04394-5:CNY509.10(全套)
    荀子是儒家重要代表人物,本书分劝学篇、修身篇、不苟篇、荣辱篇等部分,阐述了荀子的主要思想。
●
相关链接 在E读中查询图书 在五车中查询图书 在当当中查询图书 在豆瓣中查询图书


正题名:荀子译注     索取号:B222.64/241         预约/预借

序号 登录号 条形码 馆藏地/架位号 状态 备注
1 0369765   203697650   第一样本阅览室/ [索取号:B222.64/241] 在馆    
2 0369766   203697669   第一借阅区/ [索取号:B222.64/241] 在馆    
3 0373148   203731480   第一借阅区/ [索取号:B222.64/241] 在馆    
4 0373149   203731499   教育系资料室/ [索取号:B222.64/241] 在馆    
5 0373150   203731505   第一借阅区/ [索取号:B222.64/241] 在馆    
唐山师范学院图书馆 欢迎您!
大连网信软件有限公司© 版权所有